000 00239nam a2200097Ia 4500
005 20251222114408.0
008 251222s1900||||xx |||||||||||||| ||spa||
082 _aDVD0070/R71/1995/BR
245 0 _aPena de muerte:Dead Man Walking
942 _cDVD
999 _c1914
_d1914